000 00288nam a22001337a 4500
008 181204b xxu||||| |||| 00| 0 eng d
020 _a2900205897741
041 _aeng
080 _210 TH
_a070
100 _a27
101 _aMED
245 _aMedia Ethics
_cKathy.B
942 _2udc
_cBK
999 _c52800
_d52800